| 000 | 00705nmc a2200253 a 4500 | ||
|---|---|---|---|
| 003 | AR-BaBNM | ||
| 005 | 20251128204700.0 | ||
| 008 | 086119s1978 ||||||||||||||000 | spa|| | ||
| 020 | _a84-7232-175-4 | ||
| 040 | _cAR-BaBNM | ||
| 100 | 1 | _aGarcía López, Angel | |
| 245 | 1 | 0 | _aMester Andalusí |
| 260 |
_aMadrid _bEdiciones Cultura Hispánica del Centro Iberoamericano de Cooperación _c1978 |
||
| 300 | 0 | _a79 p. | |
| 490 | 0 |
_aPoética Leopoldo Panero _vv. 33 |
|
| 500 | 0 | _aPremio de poesía "Leopoldo Panero" 1976 | |
| 650 | 4 | _aLITERATURA ESPANOLA | |
| 650 | 4 | _aPOESIAS | |
| 650 | 4 | _aPREMIOS LITERARIOS | |
| 650 | 4 | _aPOESIA ESPANOLA | |
| 655 | _aLITERATURA | ||
| 942 | _cBK | ||
| 998 | _cisola | ||
| 999 |
_c8394 _d8394 |
||